La belle et le clochard 2 - La famille - Paroles - Statistiques

Statistiques générales
  • Ce quiz a été pris 6 fois
  • Le résultat moyen est 110 sur 130
Statistiques - réponses
Réponses % Correct
en
100%
famille
100%
grand
100%
100%
la
100%
La
100%
les
100%
ou
100%
pour
100%
tes
100%
Tout
100%
amour
80%
as
80%
au
80%
Avec
80%
bras
80%
chaque
80%
cherches
80%
coeur
80%
coeurs
80%
combats
80%
dans
80%
de
80%
Des
80%
Elle
80%
est
80%
Et
80%
froid
80%
hiver
80%
joie
80%
jour
80%
leur
80%
long
80%
parfois
80%
peine
80%
pleurs
80%
près
80%
quand
80%
que
80%
Qui
80%
sécher
80%
ta
80%
t'aider
80%
toi
80%
ton
80%
Toujours
80%
t'ouvrir
80%
tu
80%
un
80%
vie
80%
voie
80%
abri
60%
c'est
60%
d'amour
60%
débordant
60%
mords
60%
poussière
60%
Qu'est-ce
60%
t'offrent
60%
t'offrir
60%
lorsque
40%
redresser
40%
t'accueillir
40%
Aucun quiz correspondant
Distribution des résultats
% des personnes avec chaque résultat
Percentile par nombre de réponses
Votre historique - résultats
Vous n’avez pas pris ce quiz